| 000 | 00459cam a22001934a 4500 | ||
|---|---|---|---|
| 005 | 20250605164156.0 | ||
| 008 | 250528s ||||||||||||||||||||||||d | ||
| 035 | _a19615 | ||
| 020 | _a9604055364 | ||
| 040 |
_aGR-AtMCL _bgre _dGR-AtMCL _eAACR2 |
||
| 245 | 1 | _aTHE ENGLISH WE USE IN ECONOMICS | |
| 250 | _a1 | ||
| 260 |
_bΈλλην, _c1995 |
||
| 300 | _a180 | ||
| 700 | 1 |
_aMouzakitis George S _95821 |
|
| 942 | _cBK | ||
| 999 |
_c4871 _d4871 |
||